[Event "TCh-TUR Super League 2015"]
[Site "Kocaeli TUR"]
[Date "2015.08.12"]
[Round "9.2"]
[White "Can, Emre"]
[Black "Nikolova, Adriana"]
[Result "1-0"]
[WhiteTitle "GM"]
[BlackTitle "WGM"]
[WhiteElo "2547"]
[BlackElo "2304"]
[WhiteTeam "Istanbul Technical University Sports Club"]
[BlackTeam "Kocaeli Buyuksehir Belediyesi Kagit Sports Club"]
[WhiteFideId "6302181"]
[BlackFideId "2908689"]
[EventDate "2015.08.04"]

1. Nf3 d5 2. g3 Nf6 3. Bg2 e6 4. c4 Be7 5. O-O O-O 6. d4 dxc4 7. Qa4 a6 8. Qxc4
b5 9. Qc2 Bb7 10. Bd2 Be4 11. Qc1 Nc6 12. e3 b4 13. Ne5 Bxg2 14. Nxc6 Bxc6 15.
Qxc6 Bd6 16. a3 a5 17. Rc1 Qd7 18. axb4 Qxc6 19. Rxc6 axb4 20. Rca6 Rxa6 21.
Rxa6 Rd8 22. Ra4 Rb8 23. Kf1 c5 24. dxc5 Bxc5 25. Be1 Kf8 26. Nd2 Nd5 27. e4 Nb6
28. Ra6 Ra8 29. Rxa8+ Nxa8 30. Nb3 Bd6 31. Na5 Nc7 32. Ke2 Ke8 33. Kd3 Kd7 34.
Kc4 Na6 35. f3 f5 36. exf5 exf5 37. Bf2 h5 38. Nb7 Be5 39. b3 h4 40. gxh4 Kc6
41. Nc5 Nc7 42. h5 Nd5 43. Nd3 Bc3 44. Bc5 Nf6 45. Nxb4+ Bxb4 46. Bxb4 Nxh5 47.
Kd4 Nf4 48. Bd2 Ng2 49. Ke5 g6 50. h3 Kd7 51. Kf6 f4 52. Kg5 Ke6 53. Bxf4 Ne1
54. Kg4 Nd3 55. Bd2 Ne5+ 56. Kf4 g5+ 57. Ke4 Nf7 58. b4 Nd6+ 59. Kd3 Kf5 60. Be3
Nf7 61. b5 Ne5+ 62. Ke2 Nc4 63. b6 Nd6 64. Kd3 Nb7 65. Kd4 Kg6 66. Kd5 Kh5 67.
Bf2 1-0

[Event "TCh-TUR Super League 2015"]
[Site "Kocaeli TUR"]
[Date "2015.08.12"]
[Round "9.3"]
[White "Erkan, Basar"]
[Black "Buyukasik, Diyap"]
[Result "0-1"]
[WhiteElo "1668"]
[BlackElo "2074"]
[WhiteTeam "Pamukkale Yonetimi Bilisim Sistemleri Zeka"]
[BlackTeam "Hatay Buyuksehir Belediyesi Genclik Sports Club"]
[WhiteFideId "6349790"]
[BlackFideId "6319602"]
[EventDate "2015.08.04"]

1. d4 Nf6 2. c4 g6 3. Nc3 d5 4. Nf3 Bg7 5. Qb3 dxc4 6. Qxc4 O-O 7. Bf4 c6 8. e4
Be6 9. Qd3 b5 10. a3 Qa5 11. b4 Qd8 12. Be2 Nbd7 13. O-O Nh5 14. Be3 Qb8 15. Qd2
Nb6 16. Bh6 Rd8 17. Bxg7 Kxg7 18. Ng5 Bc4 19. e5 Qxe5 20. Bxh5 Bxf1 21. Re1 Qxd4
22. Qxd4+ Rxd4 23. Kxf1 gxh5 24. Rxe7 Kf6 25. Re4 Rd3 26. h4 Rxc3 27. Re1 Rxa3 0-1

[Event "TCh-TUR Super League 2015"]
[Site "Kocaeli TUR"]
[Date "2015.08.12"]
[Round "9.2"]
[White "Hereklioglu, Sude"]
[Black "Gundogan, Sinem Cagla"]
[Result "0-1"]
[WhiteTitle "WCM"]
[WhiteElo "1796"]
[BlackElo "1913"]
[WhiteTeam "Istanbul Technical University Sports Club"]
[BlackTeam "Kocaeli Buyuksehir Belediyesi Kagit Sports Club"]
[WhiteFideId "6359531"]
[BlackFideId "6325378"]
[EventDate "2015.08.04"]

1. e4 e5 2. Nf3 Nc6 3. Nc3 Nf6 4. a3 g6 5. d4 exd4 6. Nxd4 Bg7 7. Nxc6 bxc6 8.
Bd3 O-O 9. O-O d5 10. Re1 Ng4 11. h3 Ne5 12. f4 Nxd3 13. cxd3 Qh4 14. Rf1 Bxh3
15. e5 Bf5 16. Na4 Qe7 17. g4 Bd7 18. Be3 Qh4 19. Bf2 Qh3 20. Be1 Bxg4 21. Qd2
Bf3 22. Qh2 Qg4+ 23. Qg3 Qxg3+ 24. Bxg3 Be2 25. Rfc1 Bxd3 26. Nc5 Bf5 27. Na6
Bd7 28. Nb4 Rfb8 29. Nxc6 Bxc6 30. Rxc6 Rxb2 31. Rxc7 Bf8 0-1

[Event "TCh-TUR Super League 2015"]
[Site "Kocaeli TUR"]
[Date "2015.08.12"]
[Round "9.2"]
[White "Bortnyk, Olexandr"]
[Black "Gundogan, Cem"]
[Result "1-0"]
[WhiteTitle "IM"]
[WhiteElo "2553"]
[BlackElo "2060"]
[WhiteTeam "Istanbul Technical University Sports Club"]
[BlackTeam "Kocaeli Buyuksehir Belediyesi Kagit Sports Club"]
[WhiteFideId "14120828"]
[BlackFideId "6311032"]
[EventDate "2015.08.04"]

1. e4 e5 2. Nf3 Nc6 3. Bc4 Nf6 4. Ng5 Bc5 5. Bxf7+ Ke7 6. Bb3 Rf8 7. O-O d6 8.
Nc3 h6 9. Nh7 Nxh7 10. Nd5+ Ke8 11. Qh5+ Rf7 12. Nb6 Qf6 13. Qxf7+ Qxf7 14.
Bxf7+ Kxf7 15. Nxa8 Nd4 16. c3 Ne2+ 17. Kh1 a6 18. Nxc7 Ng5 19. d3 Nf4 20. Bxf4
exf4 21. d4 f3 22. dxc5 fxg2+ 23. Kxg2 Bh3+ 24. Kg3 1-0

[Event "TCh-TUR Super League 2015"]
[Site "Kocaeli TUR"]
[Date "2015.08.12"]
[Round "9.2"]
[White "Yilmaz, Ezgi"]
[Black "Asan, Elvan"]
[Result "1-0"]
[WhiteElo "1852"]
[BlackElo "1810"]
[WhiteTeam "Kocaeli Buyuksehir Belediyesi Kagit Sports Club"]
[BlackTeam "Istanbul Technical University Sports Club"]
[WhiteFideId "6303340"]
[BlackFideId "6312209"]
[EventDate "2015.08.04"]

1. e4 c5 2. Nf3 d6 3. d4 cxd4 4. Nxd4 Nf6 5. Nc3 g6 6. Be3 Bg7 7. f3 O-O 8. Qd2
Nc6 9. g4 a6 10. h4 h5 11. gxh5 Nxh5 12. Rg1 Kh7 13. O-O-O Bd7 14. f4 Nxd4 15.
Bxd4 Bxd4 16. Qxd4 Nxf4 17. e5 Ne6 18. Qd2 Bc6 19. h5 Rh8 20. hxg6+ fxg6 21. Bd3
Nf8 22. Qg5 Qe8 23. exd6 1-0

[Event "TCh-TUR Super League 2015"]
[Site "Kocaeli TUR"]
[Date "2015.08.12"]
[Round "9.3"]
[White "Komut, Kaan"]
[Black "Gulbas, Cemil"]
[Result "1/2-1/2"]
[BlackTitle "IM"]
[WhiteElo "1919"]
[BlackElo "2377"]
[WhiteTeam "Pamukkale Yonetimi Bilisim Sistemleri Zeka"]
[BlackTeam "Hatay Buyuksehir Belediyesi Genclik Sports Club"]
[WhiteFideId "6309992"]
[BlackFideId "201820"]
[EventDate "2015.08.04"]

1. e4 c5 2. Nf3 d6 3. c3 Nf6 4. h3 g6 5. Bd3 Bg7 6. Bc2 O-O 7. O-O Nc6 8. Re1 e5
9. d4 cxd4 10. cxd4 exd4 11. Nxd4 d5 12. Nxc6 bxc6 13. Nc3 d4 14. Na4 Nd7 15.
Bf4 Nb6 16. Nc5 Qe7 17. Nd3 c5 18. b3 Be6 19. Rc1 a5 20. Nb2 a4 21. Bd3 axb3 22.
axb3 Ra3 23. Nc4 Nxc4 24. Bxc4 Rc8 25. Rc2 Bxc4 26. Rxc4 Qb7 27. Qc1 Rxb3 28.
Rxc5 Rc3 29. Rxc8+ Qxc8 30. Qd2 h5 31. e5 d3 32. Qe3 Qe6 33. Qd4 Rc4 34. Qd8+
Kh7 35. Bd2 Qf5 36. Re3 Rc2 37. Rf3 Qxe5 38. Qxd3 Qa1+ 39. Kh2 Qd1 40. Be1 Be5+
41. g3 Qxd3 42. Rxd3 Re2 43. Re3 Rxe3 44. fxe3 h4 45. Kg2 hxg3 46. Bxg3 Bxg3 47.
Kxg3 Kh6 48. h4 Kg7 49. Kg4 Kf6 50. h5 gxh5+ 51. Kxh5 Kf5 52. Kh4 1/2-1/2

[Event "TCh-TUR Super League 2015"]
[Site "Kocaeli TUR"]
[Date "2015.08.12"]
[Round "9.2"]
[White "Volkov, Sergey"]
[Black "Ipatov, Alexander"]
[Result "1/2-1/2"]
[WhiteTitle "GM"]
[BlackTitle "GM"]
[WhiteElo "2589"]
[BlackElo "2621"]
[WhiteTeam "Kocaeli Buyuksehir Belediyesi Kagit Sports Club"]
[BlackTeam "Istanbul Technical University Sports Club"]
[WhiteFideId "4122763"]
[BlackFideId "14116731"]
[EventDate "2015.08.04"]

1. d4 Nf6 2. c4 e6 3. Nc3 Bb4 4. Nf3 c5 5. g3 O-O 6. Bg2 cxd4 7. Nxd4 d5 8. cxd5
Nxd5 9. Qb3 Qa5 10. Bd2 Nc6 11. Nxc6 bxc6 12. O-O Bxc3 13. bxc3 Ba6 14. Rfd1 Qc5
15. e4 Bc4 16. Qa4 Nb6 17. Qb4 Qh5 18. Re1 c5 19. Qa5 Rfc8 20. Be3 Be2 21. Bf4
Bd3 22. Rad1 Be2 23. Rc1 Bd3 24. e5 Nc4 25. Qa6 g5 26. Be3 Nxe3 27. Qxd3 Nxg2
28. Kxg2 1/2-1/2

[Event "TCh-TUR Super League 2015"]
[Site "Kocaeli TUR"]
[Date "2015.08.12"]
[Round "9.2"]
[White "Kilic, Efe Mert"]
[Black "Aydincelebi, Kagan"]
[Result "1/2-1/2"]
[BlackTitle "FM"]
[WhiteElo "1816"]
[BlackElo "1977"]
[WhiteTeam "Kocaeli Buyuksehir Belediyesi Kagit Sports Club"]
[BlackTeam "Istanbul Technical University Sports Club"]
[WhiteFideId "6354327"]
[BlackFideId "6361102"]
[EventDate "2015.08.04"]

1. e4 c5 2. Nf3 d6 3. b3 Nf6 4. Nc3 g6 5. Bb2 Bg7 6. Qe2 Nc6 7. h3 Bd7 8. d3 Rc8
9. Nd5 e6 10. Ne3 O-O 11. c4 e5 12. g4 Nd4 13. Nxd4 cxd4 14. Nc2 h5 15. f3 Bh6
16. Bg2 h4 17. O-O Bf4 18. Bc1 Bxc1 19. Rfxc1 g5 20. Ne1 Ne8 21. Qf2 Ng7 22. f4
gxf4 23. Nf3 Ne6 24. Nxh4 Nc5 25. Bf1 a5 26. Kh2 Kg7 27. Be2 Rh8 28. Nf5+ Bxf5
29. gxf5 Qh4 30. Rg1+ Kf6 31. Qf3 Rcg8 32. Rg2 Rxg2+ 33. Qxg2 Qg5 34. Qxg5+ Kxg5
35. Rg1+ Kf6 36. Rg4 Rh7 37. h4 Rg7 38. Kh3 Rxg4 39. Kxg4 Kg7 40. Kf3 f6 41. Kf2
Kh6 42. Ke1 f3 43. Bxf3 Nxd3+ 44. Kd2 Nc5 45. Kc2 Kg7 46. a3 b6 47. b4 axb4 48.
axb4 Na4 49. Kb3 Nc3 50. Kc2 Kh6 51. Kb3 Kg7 52. Kc2 Kh6 1/2-1/2

[Event "TCh-TUR Super League 2015"]
[Site "Kocaeli TUR"]
[Date "2015.08.12"]
[Round "9.5"]
[White "Ertan, Can"]
[Black "Esen, Baris"]
[Result "0-1"]
[WhiteTitle "FM"]
[BlackTitle "GM"]
[WhiteElo "2238"]
[BlackElo "2567"]
[WhiteTeam "Calli Sports Club"]
[BlackTeam "Deniz Su Aquamatch Satranc Genclik Ve Sports Club"]
[WhiteFideId "6306330"]
[BlackFideId "6302114"]
[EventDate "2015.08.04"]

1. e4 g6 2. d4 Bg7 3. Bc4 e6 4. Bb3 d6 5. f4 Ne7 6. Nf3 d5 7. e5 b6 8. Be3 Ba6
9. Nc3 Nd7 10. Ne2 Nf5 11. Qd2 f6 12. exf6 Qxf6 13. O-O-O O-O 14. Rhe1 c5 15.
Bf2 Rab8 16. g4 Nd6 17. Bh4 Ne4 18. Bxf6 Nxd2 19. Bxg7 Nxf3 20. Bxf8 Rxf8 21.
dxc5 Nxe1 22. Rxe1 Bxe2 23. c6 Bb5 24. cxd7 Bxd7 25. Rf1 g5 26. f5 Kg7 27. Re1
exf5 28. Bxd5 Kf6 29. gxf5 Bxf5 30. Re3 g4 31. Ra3 Rd8 32. c4 Rd7 33. Re3 h5 34.
Kd2 h4 35. Ke2 Kg5 36. Re8 Kf4 37. Kf2 b5 38. b3 Rd6 39. Rh8 h3 40. Re8 bxc4 41.
bxc4 Ra6 42. Re2 Ra3 43. Rd2 Rc3 44. Rd4+ Ke5 45. Rd2 Bd3 46. Rb2 Bf5 47. Rd2 a5
48. Rb2 a4 49. Rd2 Bd3 50. Rb2 Bxc4 51. Bxc4 Rxc4 52. Kg3 Kd4 53. Re2 Kc3 54.
Rf2 Kb4 55. Rd2 Ka3 56. Re2 Rb4 57. Rf2 Rb2 58. Rf4 Rg2+ 59. Kh4 Rxh2 60. Kxg4
Rxa2 61. Rf3+ Kb4 62. Rf4+ Kb3 63. Rf3+ Kc4 64. Rf4+ Kd3 65. Kxh3 a3 66. Kg3 Re2
67. Ra4 a2 68. Kf3 Rb2 69. Ra7 Kd4 0-1

[Event "TCh-TUR Super League 2015"]
[Site "Kocaeli TUR"]
[Date "2015.08.12"]
[Round "9.5"]
[White "Firat, Burak"]
[Black "Burcu, Cagatay"]
[Result "0-1"]
[WhiteTitle "IM"]
[WhiteElo "2470"]
[BlackElo "2178"]
[WhiteTeam "Deniz Su Aquamatch Satranc Genclik Ve Sports Club"]
[BlackTeam "Calli Sports Club"]
[WhiteFideId "6305881"]
[BlackFideId "6310630"]
[EventDate "2015.08.04"]

1. Nf3 Nf6 2. g3 g6 3. d4 Bg7 4. c4 c6 5. Bg2 d5 6. O-O O-O 7. b3 Ne4 8. Bb2 Qa5
9. Nbd2 Bf5 10. a3 Bh6 11. e3 Nd7 12. Re1 Ndf6 13. b4 Qd8 14. Ne5 Nxd2 15. Qxd2
Ne4 16. Qe2 f6 17. Nf3 Qd7 18. Rac1 Bg4 19. Qc2 Rac8 20. Nd2 Nxd2 21. Qxd2 Bh3
22. Bh1 Be6 23. c5 Rce8 24. Bc3 Bf7 25. Qb2 Bg7 26. b5 e5 27. a4 e4 28. Rb1 Re7
29. Bg2 g5 30. a5 Be8 31. Bf1 Qc8 32. Qa2 f5 33. a6 bxa6 34. b6 f4 35. Bxa6 Qb8
36. Bf1 fxe3 37. fxe3 Rb7 38. Qa6 Rff7 39. Bh3 Rfe7 40. Rb2 g4 41. Bxg4 h5 42.
Bf5 Bh6 43. Kh1 Rg7 44. Be6+ Kh8 45. Rf1 Rge7 46. Bh3 Bxe3 47. Rfb1 axb6 48.
Rxb6 Rxb6 49. Qxb6 Qa8 50. Ra1 Qb7 51. Be6 Kg7 52. Ra6 Bg5 53. Kg2 h4 54. Be1 e3
55. Kf3 Bh5+ 56. g4 Bg6 57. Bxd5 Rf7+ 58. Ke2 Qd7 59. Bf3 Qxd4 60. Qb3 Kh7 61.
Rxc6 Qf4 62. Qd5 Qxh2+ 63. Bg2 h3 0-1

[Event "TCh-TUR Super League 2015"]
[Site "Kocaeli TUR"]
[Date "2015.08.12"]
[Round "9.5"]
[White "Caliskan, Kerem"]
[Black "Citak, Selim"]
[Result "0-1"]
[BlackTitle "FM"]
[WhiteElo "1758"]
[BlackElo "2327"]
[WhiteTeam "Calli Sports Club"]
[BlackTeam "Deniz Su Aquamatch Satranc Genclik Ve Sports Club"]
[WhiteFideId "6310699"]
[BlackFideId "6301819"]
[EventDate "2015.08.04"]

1. Nf3 d5 2. d4 Bg4 3. c4 Nc6 4. cxd5 Bxf3 5. dxc6 Bxc6 6. Nc3 Nf6 7. f3 e5 8.
dxe5 Qxd1+ 9. Kxd1 O-O-O+ 10. Kc2 Nd7 11. f4 f6 12. exf6 Nxf6 13. Be3 Bd6 14.
Bd4 Bxf4 15. e3 Ng4 16. Bxa7 Bxe3 17. Be2 Rd2+ 18. Kb3 Rxe2 19. Nxe2 Bxa7 20.
Nc3 Bxg2 21. Rhe1 Bc6 22. h3 Ne3 23. a4 Rd8 24. Re2 Rd3 25. Rc1 Bf3 26. Ree1
Bd5+ 27. Ka3 Bc5+ 28. b4 Bd4 29. Kb2 Bxc3+ 30. Rxc3 Nd1+ 31. Kc2 Rxc3+ 0-1

[Event "TCh-TUR Super League 2015"]
[Site "Kocaeli TUR"]
[Date "2015.08.12"]
[Round "9.5"]
[White "Dzagnidze, Nana"]
[Black "Mammadova, Gulnar"]
[Result "1/2-1/2"]
[WhiteTitle "GM"]
[BlackTitle "WGM"]
[WhiteElo "2573"]
[BlackElo "2313"]
[WhiteTeam "Deniz Su Aquamatch Satranc Genclik Ve Sports Club"]
[BlackTeam "Calli Sports Club"]
[WhiteFideId "13601903"]
[BlackFideId "13403508"]
[EventDate "2015.08.04"]

1. Nf3 d6 2. c4 g6 3. Nc3 Bg7 4. g3 c5 5. Bg2 Nc6 6. O-O e5 7. d3 Nge7 8. a3 O-O
9. Bd2 Rb8 10. b4 cxb4 11. axb4 Nxb4 12. Rxa7 Na6 13. Ne1 e4 14. Bxe4 Bd4 15.
Nb5 Bxa7 16. Nxa7 Bh3 17. Ng2 Qb6 18. Bg5 f6 19. Be3 Nc5 20. Nb5 d5 21. Bf3 dxc4
22. dxc4 Rbd8 23. Qc1 Nf5 24. Rd1 Bxg2 25. Rxd8 Rxd8 26. Kxg2 Re8 27. Bf4 Ne6
28. Bd2 Kg7 29. h4 h5 30. e3 Nc5 31. Qc2 Nd6 32. Nxd6 Qxd6 33. Bc3 Rd8 34. Qb2
b6 35. Bd4 Nd3 36. Qb1 Ne5 37. Bxb6 Rb8 38. c5 Qxc5 39. Qxg6+ Kxg6 40. Bxc5 Nxf3
41. Kxf3 f5 42. Kf4 Rb5 43. Bd4 Rb4 44. Ke5 Rb5+ 45. Kf4 Rb4 46. f3 Ra4 47. g4
fxg4 48. fxg4 hxg4 49. Kxg4 Kh6 50. Kg3 Kh5 51. Bf6 Kg6 52. Bg5 Kf5 53. Kf3 Rg4
54. Bd8 Re4 55. h5 Re8 56. Bh4 Rh8 57. e4+ Ke5 58. Bg3+ Kd4 59. Bf2+ Kd3 60. Bg3
Rxh5 61. e5 Rxe5 62. Bxe5 1/2-1/2

[Event "TCh-TUR Super League 2015"]
[Site "Kocaeli TUR"]
[Date "2015.08.12"]
[Round "9.5"]
[White "Saba, Zafer Rabin"]
[Black "Sanal, Vahap"]
[Result "0-1"]
[BlackTitle "IM"]
[WhiteElo "1989"]
[BlackElo "2510"]
[WhiteTeam "Calli Sports Club"]
[BlackTeam "Deniz Su Aquamatch Satranc Genclik Ve Sports Club"]
[WhiteFideId "6329500"]
[BlackFideId "6300545"]
[EventDate "2015.08.04"]

1. d4 Nf6 2. Nf3 e6 3. c4 b6 4. g3 Ba6 5. Qa4 Bb7 6. Bg2 c5 7. O-O cxd4 8. Nxd4
Qc8 9. Rd1 Na6 10. Nc3 Be7 11. e4 O-O 12. h3 d6 13. Be3 Nc5 14. Qc2 a6 15. Rac1
Qc7 16. g4 g6 17. Nde2 Rac8 18. Ng3 Qb8 19. g5 Ne8 20. Qe2 Ng7 21. h4 f5 22.
gxf6 Bxf6 23. h5 gxh5 24. Nxh5 Nxh5 25. Qxh5 Bg7 26. Bh6 Rf7 27. Bh3 Bxh6 28.
Qxh6 Rg7+ 29. Kf1 Rg6 30. Qf4 Rf8 31. Qxd6 Qe8 32. b4 Qf7 33. Rd2 Qf3 34. Qh2
Nd3 35. Rcc2 Nf4 36. Rd7 Nxh3 37. Rxb7 Qd3+ 0-1

[Event "TCh-TUR Super League 2015"]
[Site "Kocaeli TUR"]
[Date "2015.08.12"]
[Round "9.5"]
[White "Tuncer, Tuna"]
[Black "Tasdogen, Dincer"]
[Result "1-0"]
[WhiteElo "2175"]
[BlackElo "1957"]
[WhiteTeam "Deniz Su Aquamatch Satranc Genclik Ve Sports Club"]
[BlackTeam "Calli Sports Club"]
[WhiteFideId "6349269"]
[BlackFideId "6367097"]
[EventDate "2015.08.04"]

1. e4 c5 2. Nf3 e6 3. d4 cxd4 4. Nxd4 a6 5. Bd3 Nf6 6. O-O d6 7. c4 Be7 8. Nc3
O-O 9. Qe2 b6 10. f4 Bb7 11. Bd2 Nbd7 12. Rae1 Qc7 13. Kh1 Rad8 14. Bb1 Nb8 15.
Nf3 g6 16. f5 Nh5 17. Bh6 Ng7 18. Nd4 Bf6 19. Nc2 Nc6 20. Ne3 Ne5 21. Ncd1 Qe7
22. Nf2 Bh4 23. Rd1 Rde8 24. Nfg4 Nxg4 25. Qxg4 Bf6 26. Qh3 Bxb2 27. Ng4 f6 28.
fxg6 hxg6 29. Bf4 Nh5 30. Bxd6 Qg7 31. Bxf8 Rxf8 32. Qb3 f5 33. Qxb6 fxg4 34.
Rxf8+ Kxf8 35. Rd8+ Ke7 36. Qd6+ 1-0

[Event "TCh-TUR Super League 2015"]
[Site "Kocaeli TUR"]
[Date "2015.08.12"]
[Round "9.6"]
[White "Annaberdiev, Meilis"]
[Black "Safarli, Eltaj"]
[Result "0-1"]
[WhiteTitle "IM"]
[BlackTitle "GM"]
[WhiteElo "2417"]
[BlackElo "2644"]
[WhiteTeam "Akdeniz Belediyesi Sports Club"]
[BlackTeam "Besiktas Jimnastik Kulubu"]
[WhiteFideId "14000563"]
[BlackFideId "13402129"]
[EventDate "2015.08.04"]

1. e4 e5 2. Nf3 Nc6 3. Bb5 a6 4. Ba4 d6 5. c3 Bd7 6. d4 g6 7. O-O Bg7 8. Be3 Nf6
9. dxe5 dxe5 10. Qc2 Qe7 11. b4 b6 12. Rd1 Nd8 13. Bg5 Bxa4 14. Qxa4+ b5 15. Qc2
Ne6 16. Bh4 Nf4 17. g3 Nh3+ 18. Kg2 Qe6 19. Qb3 Qxb3 20. axb3 Nxe4 21. Re1 Nexf2
22. Nxe5 O-O 23. Nd7 Rfc8 24. Nc5 Re8 25. Rxa6 h6 26. g4 Rxe1 27. Rxa8+ Kh7 28.
Na3 Rg1+ 29. Kf3 Nxg4 30. Bg3 Ne5+ 31. Bxe5 Bxe5 32. Nxb5 Bxh2 33. Ra7 g5 34.
Nxc7 g4+ 35. Ke3 Re1+ 36. Kd2 Re7 37. b5 Rxc7 38. b6 Rxc5 0-1

[Event "TCh-TUR Super League 2015"]
[Site "Kocaeli TUR"]
[Date "2015.08.12"]
[Round "9.6"]
[White "Solak, Dragan"]
[Black "Annaberdiyev, Babageldi"]
[Result "1-0"]
[WhiteTitle "GM"]
[BlackTitle "FM"]
[WhiteElo "2622"]
[BlackElo "2234"]
[WhiteTeam "Besiktas Jimnastik Kulubu"]
[BlackTeam "Akdeniz Belediyesi Sports Club"]
[WhiteFideId "916811"]
[BlackFideId "14000385"]
[EventDate "2015.08.04"]

1. e4 c5 2. Nf3 d6 3. d4 cxd4 4. Nxd4 Nf6 5. Nc3 g6 6. Be3 Bg7 7. f3 O-O 8. Qd2
Nc6 9. g4 Bd7 10. O-O-O Ne5 11. Kb1 Rc8 12. Be2 a6 13. h4 b5 14. h5 b4 15. Nd5
e6 16. Nxf6+ Bxf6 17. g5 Bg7 18. Qxb4 Qc7 19. Qd2 Rb8 20. Nb3 Rfc8 21. Bd4 a5
22. hxg6 fxg6 23. f4 a4 24. fxe5 axb3 25. cxb3 dxe5 26. Bc3 Bc6 27. Qe3 Qb7 28.
Rh4 Rd8 29. Rdh1 Rd4 30. Bxd4 exd4 31. Qh3 Bxe4+ 32. Rxe4 Qxe4+ 33. Bd3 Qe5 34.
Qxh7+ Kf8 35. Qxg6 Ke7 36. Rc1 Rh8 37. a3 Rh2 38. Rc8 Kd6 39. Qf7 Qe1+ 40. Rc1
Qd2 41. Qc7+ 1-0

[Event "TCh-TUR Super League 2015"]
[Site "Kocaeli TUR"]
[Date "2015.08.12"]
[Round "9.6"]
[White "Dogan, Nazmi Can"]
[Black "Mamedov, Rauf"]
[Result "1/2-1/2"]
[BlackTitle "GM"]
[WhiteElo "2213"]
[BlackElo "2651"]
[WhiteTeam "Akdeniz Belediyesi Sports Club"]
[BlackTeam "Besiktas Jimnastik Kulubu"]
[WhiteFideId "6309658"]
[BlackFideId "13401653"]
[EventDate "2015.08.04"]

1. e4 g6 2. d4 Bg7 3. Nc3 d6 4. Nf3 Nf6 5. Be2 O-O 6. O-O c6 7. a4 Nbd7 8. h3
Qc7 9. Be3 b6 10. Nd2 Bb7 11. f4 e6 12. Bf3 a6 13. Rb1 b5 14. b4 Rad8 15. Qe1
Rfe8 16. Qf2 bxa4 17. Nxa4 a5 1/2-1/2

[Event "TCh-TUR Super League 2015"]
[Site "Kocaeli TUR"]
[Date "2015.08.12"]
[Round "9.6"]
[White "Apaydin, Fethi"]
[Black "Kilic, Ihsan"]
[Result "1-0"]
[WhiteTitle "FM"]
[WhiteElo "2253"]
[BlackElo "2025"]
[WhiteTeam "Besiktas Jimnastik Kulubu"]
[BlackTeam "Akdeniz Belediyesi Sports Club"]
[WhiteFideId "6302521"]
[BlackFideId "6305334"]
[EventDate "2015.08.04"]

1. g3 d5 2. Bg2 c6 3. Nf3 Bf5 4. d3 Nd7 5. Nbd2 Ngf6 6. O-O e6 7. Re1 Bc5 8. e4
dxe4 9. dxe4 Bg6 10. h3 Qb6 11. Re2 O-O-O 12. Qe1 Qc7 13. e5 Nh5 14. Nf1 f6 15.
g4 fxe5 16. gxh5 Bxh5 17. Ng3 Bxf3 18. Bxf3 Rdf8 19. Bg2 h5 20. Ne4 Be7 21. Be3
Rhg8 22. Ng5 Rf6 23. Rd1 h4 24. Red2 Nf8 25. Ne4 Rf7 26. Bg5 Ng6 27. Nd6+ Bxd6
28. Rxd6 Rff8 29. Qb4 Nf4 30. Rd7 Qb6 31. Qxb6 axb6 32. Bxf4 exf4 33. Be4 f3 34.
R7d3 Rf4 35. Bxf3 Rgf8 36. Bg4 b5 37. f3 g6 38. Rd7 1-0

[Event "TCh-TUR Super League 2015"]
[Site "Kocaeli TUR"]
[Date "2015.08.12"]
[Round "9.6"]
[White "Yordanova, Svetla"]
[Black "Ozturk, Kubra"]
[Result "0-1"]
[WhiteTitle "WIM"]
[BlackTitle "WGM"]
[WhiteElo "2131"]
[BlackElo "2240"]
[WhiteTeam "Akdeniz Belediyesi Sports Club"]
[BlackTeam "Besiktas Jimnastik Kulubu"]
[WhiteFideId "2905108"]
[BlackFideId "6302599"]
[EventDate "2015.08.04"]

1. Nf3 d5 2. c4 d4 3. b4 c5 4. Bb2 Nf6 5. d3 Nfd7 6. Nbd2 e5 7. bxc5 Bxc5 8. g3
O-O 9. Bg2 a5 10. O-O a4 11. Rb1 Nc6 12. Ne1 Be7 13. Nc2 a3 14. Bc1 Nc5 15. Nb3
Na4 16. Bd2 Bg4 17. h3 Bh5 18. Qe1 Re8 19. Nc1 Qd7 20. Rb5 Bd6 21. Nb4 Bg6 22.
Rxb7 Qxb7 23. Bxc6 Qc7 24. Bxa8 Rxa8 25. e4 dxe3 26. Qxe3 Rd8 27. Nd5 Qc8 28.
Kg2 e4 29. dxe4 Qxc4 30. f3 Bc5 31. Qd3 Qxd3 32. Nxd3 Rxd5 33. exd5 Bxd3 34. Rc1
f6 35. Bf4 Kf7 36. d6 Bb5 37. Re1 g5 38. Re7+ Kg6 39. Rb7 gxf4 40. Rxb5 Bxd6 41.
Rd5 Bf8 42. gxf4 Nc3 43. f5+ Kg5 44. Rd8 Bb4 45. Rd2 Kxf5 46. Rc2 Kf4 47. h4 Ke3
48. Kg3 h5 49. Kh3 Kxf3 50. Rg2 Ne2 51. Rg8 Bd6 52. Rd8 Ng1# 0-1

[Event "TCh-TUR Super League 2015"]
[Site "Kocaeli TUR"]
[Date "2015.08.12"]
[Round "9.6"]
[White "Arat, Ufuk Sezen"]
[Black "Ozer, Omer Faruk"]
[Result "1-0"]
[WhiteTitle "FM"]
[WhiteElo "2409"]
[BlackElo "2067"]
[WhiteTeam "Besiktas Jimnastik Kulubu"]
[BlackTeam "Akdeniz Belediyesi Sports Club"]
[WhiteFideId "6309089"]
[BlackFideId "6354564"]
[EventDate "2015.08.04"]

1. d4 c5 2. d5 e5 3. e4 d6 4. Nc3 a6 5. Nf3 Ne7 6. a4 g6 7. Nd2 Nd7 8. Bd3 Bg7
9. a5 b5 10. axb6 Nxb6 11. Qe2 O-O 12. O-O f5 13. f3 f4 14. Na4 Nxa4 15. Rxa4 g5
16. b3 a5 17. Nc4 Bd7 18. Ra3 Rf6 19. Bd2 a4 20. bxa4 Rg6 21. a5 Nc8 22. g4 h5
23. h3 Rh6 24. Rb3 Kf7 25. Rb7 Ra7 26. Rfb1 hxg4 27. hxg4 Qh8 28. Qg2 Rxb7 29.
Rxb7 Ke8 30. Bf1 Ne7 31. a6 Bc8 32. Rb8 Kd7 33. a7 1-0